[Event "SA-2012-0-00297"]
[Site "LSS email"]
[Date "2012.09.16"]
[Round "?"]
[White "Van Bommel, Ton"]
[Black "Raffaele, Enzo"]
[Result "1/2-1/2"]
[WhiteElo "2085"]
[BlackElo "2157"]
[PlyCount "101"]
[EventDate "2012.08.27"]
[EventType "tourn (corr)"]
[EventRounds "6"]
[EventCountry "GER"]
[SourceTitle "Telechess CBM 159"]
[Source "ChessBase"]
[SourceDate "2014.03.17"]
[SourceVersion "1"]
[SourceVersionDate "2014.03.17"]
[SourceQuality "1"]

1. e4 e6 2. Nc3 d5 3. d4 Bb4 4. e5 c5 5. a3 Bxc3+ 6. bxc3 Qc7 7. Qg4 Ne7 8. Qxg7 Rg8 9. Qxh7 cxd4 10. Ne2 Nbc6 11. f4 Bd7 12. Qd3 dxc3 13. h4 0-0-0 14. h5 d4 15. h6 Kb8 16. h7 Rh8 17. Rb1 Bc8 18. Kf2 b6 19. Ng3 f6 20. exf6 Nf5 21. Be2 Rxh7 22. Rxh7 Qxh7 23. Nh5 Qc7 24. a4 Nd6 25. Bf3 Bb7 26. Ba3 Nf5 27. g4 Ne3 28. a5 Nxa5 29. Be7 Rc8 30. Qxd4 Nac4 31. Be2 a5 32. Kg3 Ka7 33. Rg1 Ba8 34. Qxc3 e5 35. Bxc4 Nxc4 36. fxe5 Qb7 37. Qd4 Qf3+ 38. Kh4 Qe2 39. Bd8 Qh2+ 40. Kg5 Qxe5+ 41. Qxe5 Nxe5 42. Kf5 Nf3 43. Rd1 Rc5+ 44. Kf4 Rc4+ 45. Ke3 Ne5 46. f7 Re4+ 47. Kf2 Nxf7 48. Rd7+ Ka6 49. Rxf7 Rxg4 50. Ke3 Rc4 51. Kd3 1/2-1/2

[Event "LSS CP-2006-Q-00012"]
[Site "LSS email"]
[Date "2008.01.15"]
[Round "?"]
[White "Horak, Jiri"]
[Black "Raffaele, Enzo"]
[Result "1-0"]
[WhiteElo "2180"]
[BlackElo "2235"]
[PlyCount "49"]
[EventDate "2008.01.15"]
[EventType "tourn (corr)"]
[EventRounds "6"]
[EventCountry "GER"]
[SourceTitle "Corr 2011"]
[Source "ChessBase"]
[SourceDate "2010.08.31"]
[SourceVersion "1"]
[SourceVersionDate "2010.08.31"]
[SourceQuality "1"]

1. d4 f5 2. g3 Nf6 3. Bg2 e6 4. c4 c6 5. Nh3 d5 6. 0-0 Bd6 7. Bf4 Be7 8. Nd2 0-0 9. Qc2 Nbd7 10. a4 h6 11. cxd5 exd5 12. a5 g5 13. Qxf5 Qe8 14. Nxg5 hxg5 15. Qxg5+ Kh8 16. Qh6+ Nh7 17. a6 Rf7 18. e4 b5 19. Qxc6 Rxf4 20. Qxa8 Rf8 21. e5 Qg6 22. Qxa7 Bd8 23. Rfc1 Nb6 24. Qb8 Bg4 25. a7 1-0

[Event "LSS CP-2006-Q-00012"]
[Site "LSS email"]
[Date "2008.01.15"]
[Round "?"]
[White "Raffaele, Enzo"]
[Black "Oltean, Dorel"]
[Result "1/2-1/2"]
[WhiteElo "2169"]
[BlackElo "2341"]
[PlyCount "59"]
[EventDate "2008.01.15"]
[EventType "tourn (corr)"]
[EventRounds "6"]
[EventCountry "GER"]
[SourceTitle "Corr 2013"]
[Source "ChessBase"]
[SourceDate "2012.11.12"]
[SourceVersion "1"]
[SourceVersionDate "2012.11.12"]
[SourceQuality "1"]
[WhiteTeam "US of America"]
[BlackTeam "US of America"]
[WhiteTeamCountry "USA"]
[BlackTeamCountry "USA"]

1. d4 d5 2. c4 c6 3. Nf3 Nf6 4. Nc3 e6 5. e3 Nbd7 6. Qc2 Bd6 7. g4 dxc4 8. Bxc4 e5 9. g5 Nd5 10. Ne4 Bc7 11. Bd2 exd4 12. Nxd4 0-0 13. 0-0-0 Ne5 14. Be2 Re8 15. h4 Bg4 16. h5 Bxe2 17. Nxe2 Qe7 18. N4g3 Rad8 19. Nf5 Qc5 20. Qxc5 Nd3+ 21. Kc2 Nxc5 22. f3 Nd3 23. Rhf1 Be5 24. b3 N5b4+ 25. Bxb4 Nxb4+ 26. Kb1 g6 27. hxg6 hxg6 28. Nh6+ Kf8 29. Ng4 Bc7 30. Nc3 1/2-1/2

[Event "LSS WC-2010-S-00011"]
[Site "LSS email"]
[Date "2007.12.15"]
[Round "?"]
[White "Daus, Peter"]
[Black "Raffaele, Enzo"]
[Result "1-0"]
[WhiteElo "2387"]
[BlackElo "2245"]
[PlyCount "97"]
[EventDate "2007.12.15"]
[EventType "tourn (corr)"]
[EventRounds "10"]
[EventCountry "GER"]
[SourceTitle "Corr 2011"]
[Source "ChessBase"]
[SourceDate "2010.08.31"]
[SourceVersion "1"]
[SourceVersionDate "2010.08.31"]
[SourceQuality "1"]

1. d4 d5 2. c4 e6 3. Nc3 Nf6 4. Bg5 Be7 5. Nf3 h6 6. Bxf6 Bxf6 7. Qc2 0-0 8. 0-0-0 dxc4 9. e4 Nc6 10. e5 Nb4 11. Qe4 Be7 12. Bxc4 Bd7 13. a3 b5 14. Bb3 Bc6 15. d5 Nxd5 16. Nxd5 Bxd5 17. Bxd5 exd5 18. Rxd5 Qe8 19. Rhd1 a5 20. Qc2 a4 21. Nd4 b4 22. axb4 Bxb4 23. Nc6 Be7 24. Kb1 a3 25. b4 Kh8 26. Ka2 f6 27. e6 Bd6 28. Re1 Ra6 29. e7 Rg8 30. b5 Rb6 31. Qe4 Rb7 32. h4 Rb6 33. h5 Rxc6 34. bxc6 Bxe7 35. Qxe7 Qxc6 36. Qc5 Qb7 37. Rb1 Qa6 38. Rbd1 Qe6 39. Qxc7 Kh7 40. R1d2 Rf8 41. Qd7 Qg8 42. Kxa3 Rb8 43. Re2 Kh8 44. Re7 Ra8+ 45. Kb3 Kh7 46. Qf5+ Kh8 47. Kc2 Qf8 48. Qe6 Ra2+ 49. Kd3 1-0